| 000 | 00724nam a22002297a 4500 | ||
|---|---|---|---|
| 999 |
_c17782 _d17782 |
||
| 003 | AR-CdUCM | ||
| 008 | 190509b ||||| |||| 00| 0 spa d | ||
| 040 |
_aMUNICIPALIDAD PROVINCIAL DEL CUSCO _cBIBLIOTECA MUNICIPAL DEL CUSCO |
||
| 041 | _hita | ||
| 082 |
_a858.93 / _bP61 |
||
| 100 |
_aPirandello, Luigi _912215 |
||
| 245 |
_aEl carnaval de los muertos : _bnovelas / |
||
| 260 |
_aSantiago de Chile : _bOsiris, _c1933. |
||
| 300 |
_a118 páginas ; _c19.5 cm. |
||
| 440 |
_aColección osiris ; _n51 _937963 |
||
| 505 | _aContenido: Novela | ||
| 650 |
_aLiteratura italiana _9615 |
||
| 650 |
_aNovelas italianas _99329 |
||
| 700 |
_aCarbone, Adela (traductor) _937964 |
||
| 942 |
_2ddc _cLIBROS |
||
| 945 |
_aacv _d2019-05-09 |
||